00296nam a2200121 4500082001500000100001700015245005400032250000800086260003400094300000800128650001900136700001900155 a547078 GUT aGuthrie R.D. aAn Introduction to the chemistry of Carbohydrates a2nd aLondonbClarendon Pressc1964 a144 a Carbohydrates aHoneyman, John